Tous les joueurs de Saint Etienne depuis 2010 - Statistiques

Statistiques générales
  • Ce quiz a été pris 57 fois
    20 depuis la dernière actualisation
  • Le résultat moyen est 57 sur 194
Statistiques - réponses
Poste(s) Nationalité Saison(s) Réponse % Correct
Gardien Angleterre 2020-2024 Etienne Green
100%
Défenseur France 2003-2020 Loïc Perrin
100%
Gardien France 2011-2021 Stéphane Ruffier
100%
Gardien France 2023- Gautier Larsonneur
94%
Gardien France 1996-2012 Jérémie Janot
88%
Gardien France 2008-2021 Jessy Moulin
88%
Attaquant Belgique 2024- Lucas Stassin
88%
Attaquant Gabon 2011-2013 Pierre-Emerick Aubameyang
88%
Gardien Sénégal 2022- Boubacar Fall
81%
Milieu France 2022- Cheikh Fall
81%
Défenseur France 2017- Mickaël Nadé
81%
Défenseur Sénégal 2006-2016 Moustapha Bayal Sall
81%
Attaquant Slovénie 2015-2020 Robert Berić
81%
Attaquant Ghana 2024- Augustine Boakye
75%
Attaquant Côte d'Ivoire 2011-2015 Max-Alain Gradel
75%
Défenseur Serbie 2018-2019 Neven Subotić
75%
Gardien France 2021-2022 Paul Bernardoni
75%
Milieu/attaquant France 2012-2022 Romain Hamouma
75%
Attaquant/milieu Géorgie 2024- Zuriko Davitashvili
75%
Attaquant Brésil 2012-2014 Brandão
69%
Milieu France 2022- Mathieu Cafaro
69%
Milieu France 2018-2020 Yann M'Vila
69%
Défenseur France 2022- Anthony Briançon
63%
Attaquant Côte d'Ivoire 2013-2014 Ibrahim Sissoko
63%
Attaquant Mali 2023- Ibrahim Sissoko
63%
Défenseur France 2022- Léo Pétrot
63%
Milieu Norvège 2016-2019 Ole Selnæs
63%
Défenseur Guadeloupe 2020- Yvann Maçon
63%
Milieu Maroc 2020- Aïmen Moueffek
56%
Attaquant Norvège 2016-2018 Alexander Søderlund
56%
Milieu Maroc 2022- Benjamin Bouchouari
56%
Milieu Australie 2024- Benjamin Craig Old
56%
Défenseur Algérie 2010-2014 Faouzi Ghoulam
56%
Milieu France 2011-2017 Jérémy Clément
56%
Milieu France 2014-2021 Kévin Monnet-Paquet
56%
Défenseur France 2018-2021 Mathieu Debuchy
56%
Attaquant Turquie 2013-2015 Mevlüt Erdinç
56%
Attaquant Tunisie 2018-2022 Wahbi Khazri
56%
Défenseur France 2019-2020 Wesley Fofana
56%
Milieu France 2019-2020 Yohan Cabaye
56%
Milieu/attaquant France 2016-2022 Arnaud Nordin
50%
Défenseur France 2023- Dennis Appiah
50%
Milieu France 2007-2011 Dimitri Payet
50%
Défenseur RDC 2023- Dylan Batubinsika
50%
Défenseur France 2012-2016 François Clerc
50%
Attaquant Sénégal 2022- Ibrahima Wadji
50%
Milieu/attaquant France 2024- Irvin Cardona
50%
Défenseur France 2018-2019 William Saliba
50%
Milieu France 2007-2011 Blaise Matuidi
44%
Milieu France 2011-2017 Fabien Lemoine
44%
Défenseur Guinée 2012-2018 Florentin Pogba
44%
Défenseur/milieu France 2013-2015 Franck Tabanou
44%
Milieu France 2016-2017 Jordan Veretout
44%
Défenseur France 2011-2014 Kurt Zouma
44%
Milieu France 2022- Louis Mouton
44%
Milieu France 2023- Florian Tardieu
38%
Défenseur Brésil 2017-2023 Gabriel Silva
38%
Attaquant Côte d'Ivoire 2020-2023 Jean-Philippe Krasso
38%
Défenseur Suisse 2016-2020 Léo Lacroix
38%
Milieu France 2018-2023 Mahdi Camara
38%
Attaquant France 2020- Maxence Rivera
38%
Défenseur Pérou 2019-2022 Miguel Trauco
38%
Milieu France 2017-2019 Rémy Cabella
38%
Milieu France 2012-2016 Renaud Cohade
38%
Attaquant Pays-Bas 2014-2015 Ricky van Wolfswinkel
38%
Milieu Algérie 2019-2022 Ryad Boudebouz
38%
Défenseur Guinée 2020-2023 SaÏdou Sow
38%
Gardien France 2018-2022 Stefan Bajic
38%
Attaquant France 2022- Ayman Aiki
31%
Milieu France 2022-2024 Dylan Chambost
31%
Défenseur Mali 2021-2022 Falaye Sacko
31%
Défenseur Cameroun 2019-2022 Harold Moukoudi
31%
Attaquant/milieu Sénégal 2016-2017 Henri Saivet
31%
Défenseur France 2012-2016 Jonathan Brison
31%
Milieu France 2009-2013 Josuha Guilavogui
31%
Défenseur Maroc 2015-2017 Kévin Malcuit
31%
Défenseur France 2015-2018 Kévin Théophile-Catherine
31%
Attaquant France 2017-2020 Loïs Diony
31%
Attaquant France 2015-2017 Nolan Roux
31%
Attaquant Maroc 2016-2020 Oussama Tannane
31%
Défenseur Etats-Unis 2010-2011 Carlos Bocanegra
25%
Attaquant France 2018-2023 Charles Abi
25%
Attaquant Martinique 2008-2011 Emmanuel Rivière
25%
Attaquant France 2022-2023 Gaëtan Charbonnier
25%
Attaquant Uruguay 2021-2022 Ignacio Ramírez
25%
Milieu Côte d’Ivoire 2011-2016 Ismaël Diomandé
25%
Attaquant Côte d'Ivoire 2015-2018 Jonathan Bamba
25%
Milieu France 2022-2023 Kader Bamba
25%
Défenseur Maroc 2023- Mahmoud Bentayg
25%
Défenseur France 2022-2023 Niels Nkounkou
25%
Milieu France 2024- Pierre Ekwah
25%
Défenseur Espagne 2019-2023 Sergi Palencia
25%
Milieu France 2022- Thomas Monconduit
25%
Attaquant France 2013-2015 Yohan Mollo
25%
Milieu Cameroun 2020- Yvan Neyou
25%
Milieu France 2020-2022 Adil Aouchiche
19%
Milieu Argentine 2011-2013 Alejandro Alonso
19%
Milieu/attaquant France 2013-2015 Allan Saint-Maximin
19%
Milieu Roumanie 2011-2014 Bănel Nicoliță
19%
Milieu France 2012-2013 Benjamin Corgnet
19%
Défenseur France 2013-2014 Benoît Trémoulinas
19%
Milieu France 2019-2022 Bilal Benkhedim
19%
Milieu France 2023- Lamine Fomba
19%
Attaquant Côte d'Ivoire 2009-2012 Boubacar Sanogo
19%
Défenseur Sééngal 2016-2019 Cheikh M'Bengue
19%
Attaquant France 2021-2022 Enzo Crivelli
19%
Attaquant France 2019-2020 Franck Honorat
19%
Défenseur France 2011-2014 Jean-Pascal Mignot
19%
Défenseur France 2022-2023 Jimmy Giraudon
19%
Attaquant Guinée 2023- Karim Cissé
19%
Milieu Cap-Vert 2017-2019 Kenny Rocha Santos
19%
Milieu France 2020-2022 Lucas Gourna-Douath
19%
Attaquant Sénégal 2018-2020 Makhtar Gueye
19%
Milieu/attaquant France 2024- Nathanaël Mbuku
19%
Défenseur Grèce 2020-2021 Panayiótis Rétsos
19%
Défenseur Sénégal 2020-2021 Pape Abou Cissé
19%
Défenseur France 2013-2015 Paul Baysse
19%
Défenseur Martinique 2012-2019 Pierre-Yves Polomat
19%
Attaquant Côte d'Ivoire 2023- Stéphane Diarra
19%
Défenseur Maroc 2024- Yunis AbdelHamid
19%
Milieu France 2019-2022 Zaydou Youssouf
19%
Défenseur Côte d’Ivoire 2022-2023 Abdoulaye Bakayoko
13%
Milieu/attaquant Mali 2009-20122021-2022 Bakary Sako
13%
Milieu Burkina Faso 2016-2018 Bryan Dabo
13%
Milieu France 2006-2011 Christophe Landrin
13%
Attaquant Argentine 2009-2011 Gonzalo Bergessio
13%
Attaquant Algérie 2010-2014 Idriss Saadi
13%
Milieu Cameroun 2014-2015 Landry N'Guemo
13%
Attaquant France 2022-2023 Lenny Pintor
13%
Milieu France 2023- Mathis Amougou
13%
Attaquant France 2015-2017 Neal Maupay
13%
Gardien France 2022-2023 Noah Raveyre
13%
Défenseur France 2016-2018 Ronaël Pierre-Gabriel
13%
Milieu/attaquant Sénégal 2021-2022 Sada Thioub
13%
Défenseur France 2020-2022 Timothée Kolodziejczak
13%
Milieu France 2015-2016 Valentin Eysseric
13%
Milieu France 2015-2018 Vincent Pajot
13%
Attaquant France 2020-2021 Abdoulaye Sidibé
6%
Défenseur France 2010-2012 Albin Ebondo
6%
Défenseur France 2022-2023 Anas Namri
6%
Attaquant France 2020-2021 Anthony Modeste
6%
Milieu/attaquant France 2022- Antoine Gauthier
6%
Milieu Sénégal 2017-2022 Assane Dioussé
6%
Défenseur Côte d'Ivoire 2016-2018 Benjamin Karamoko
6%
Défenseur Cameroun 2015-2016 Benoît Assou-Ekotto
6%
Défenseur Cameroun 2021- Bryan Nokoue
6%
Milieu Serbie 2012-2014 Danijel Aleksić
6%
Attaquant France 2022- Darnell Bile
6%
Milieu Guinée-Bissau 2019-2020 Edmilson Correia
6%
Milieu/attaquant Sénégal 2021-2022 El Hadji Dieye
6%
Défenseur France 2021-2022 Eliaquim Mangala
6%
Milieu Cap-Vert 2015-2018 Erin Pinheiro
6%
Attaquant France 2011-2012 Florent Sinama-Pongolle
6%
Défenseur/milieu Côte d’Ivoire 2017-2019 Habib Maïga
6%
Attaquant France 2016-2017 Hamidou Keyta
6%
Milieu Brésil 2017-2018 Hernani
6%
Attaquant France 2015-2016 Jean-Christophe Bahebeck
6%
Milieu Côte d'Ivoire 2019-2020 Jean-Eudes Aholou
6%
Attaquant France 2022- Jibril Othman
6%
Attaquant Guinée Bissau 2017-2019 Jorginho
6%
Attaquant Gabon 2012-2014 Kévin Mayi
6%
Attaquant France 2011-2014 Lynel Kitambala
6%
Défenseur France 2020-2021 Marvin Tshibuabua
6%
Défenseur/milieu France 2012-2013 Mathieu Bodmer
6%
Défenseur/milieu France 2018-2019 Mickaël Panos
6%
Défenseur Brésil 2011-2012 Paulão
6%
Milieu/attaquant Cameroun 2017-2018 Paul-Georges Ntep
6%
Défenseur France 2024- Pierre Cornud
6%
Défenseur France 2011-2012 Pierrick Cros
6%
Défenseur Gambie 2017-2018 Saidy Janko
6%
Milieu France 2011-2012 Steed Malbranque
6%
Défenseur France 2010-2012 Sylvain Marchal
6%
Défenseur France 2008-2012 Sylvain Monsoreau
6%
Attaquant France 2020-2021 Tyrone Tormin
6%
Milieu Argentine 2018-2019 Valentín Vada
6%
Milieu France 2022-2024 Victor Lobry
6%
Défenseur Tunisie 2007-2010 Yohan Benalouane
6%
Milieu Maroc 2018-2019 Youssef Aït Bennasser
6%
Milieu France 2021- Baptiste Gabard
0%
Milieu Bosnie 2014-2016 Ćazim Suljić
0%
Attaquant Congo 2015-2017 Dylan Saint-Louis
0%
Milieu Sénégal 2010-2013 Guirane N’Daw
0%
Attaquant France 2015-2016 Hugo Roussey
0%
Attaquant France 2017-2022 Lamine Ghezali
0%
Milieu France 2010-2012 Laurent Batlles
0%
Défenseur France 2010-2012 Loris Néry
0%
Défenseur France 2021-2022 Lucas Calodat
0%
Milieu France 2021- Mathys Saban
0%
Défenseur France 2015-2016 Nathan Dekoke
0%
Milieu France 2017-2021 Rayan Souici
0%
Attaquant France 2021- Yanis Lhéry
0%
Milieu/attaquant France 2018-2019 Yannis Salibur
0%
Défenseur France 2008-2012 Yoann Andreu
0%
Milieu/attaquant France 2011-2013 Yoric Ravet
0%
Aucun quiz correspondant
Distribution des résultats
% des personnes avec chaque résultat
Percentile par nombre de réponses
Votre historique - résultats
Vous n’avez pas pris ce quiz depuis la dernière actualisation